Gaming Quiz

Random Gaming Quiz

Age of Empires II: Post-Conquerors new units Quiz Stats

 Plays Quiz not verified by Sporcle

Support Sporcle.
Go Orange.
Score 0/18 Timer 04:00
0 Plays Today
Civilization/Building Unit % Correct
Slav unique unitBoyar
88.4%
Incan archery range unitSlinger
86.2%
Indian stable unitImperial Camel
84.1%
Siege workshop unitSiege Tower
81.9%
Indian castle unitElephant Archer
81.2%
Magyar unique unitMagyar huszar
79%
Mesoamerican barracks unitEagle Scout
75.4%
Portuguese castle unitOrgan Gun
75.4%
Berber castle unitCamel Archer
75.4%
Civilization/Building Unit % Correct
Portuguese dock unitCaravel
74.6%
Italian castle unitGenoese Crossbowman
73.9%
Italian-team barracks unitCondottiero
73.2%
Incan castle unitKamayuk
73.2%
Malian unique unitGbeto
72.5%
Berber-team archery range unitGenitour
64.5%
Ethiopian unique unitShotel Warrior
60.1%
Dock unitDemolition Raft
59.4%
Dock unitFire Galley
58.7%

You're not logged in!

Compare scores with friends on all Sporcle quizzes.
OR
Log In

From the Vault

US State Capitals Templates

by gazzso

Dang, looks like we're going to have to throw out our template for US State Lowercases.
Remove Ads.
Support Sporcle.
Get the best of Sporcle when you Go Orange. This ad-free experience offers more features, more stats, and more fun while also helping to support Sporcle. Thank you for becoming a member.

Show Comments

Extras

Created Jan 21, 2016ReportNominate
Tags:Age of Empires, forgotten, unit

Top Quizzes Today


Score Distribution

Your Account Isn't Verified!

In order to create a playlist on Sporcle, you need to verify the email address you used during registration. Go to your Sporcle Settings to finish the process.

Report this User

Report this user for behavior that violates our Community Guidelines.

Details: